1170 1816 1149 1821 1662 1037 1218 1549 1800 1258 1649 1956 1931 1716 1479 1099 1082 1304 1037 1775 1968 1277 1146 1837 1817 1460 1113 1418 1987 1563 1550 1114 1578 1864 1543 1314 1450 1696 1417 1542 1628 1700 1417 1785 1251 1869 1011 1434 1401 1204 1936 1455 1109 1983 1685 1761 1526 1053 1579 1347 1187 1632 1199 1789 1363 1546 1512 1685 1152 1148 1191 1149 1370 1661 1041 1779 1223 1427 1476 1023 1208 1137 1570 1341 1489 1559 1397 1398 1911 1717 1065 1180 1906 1712 1822 1220 1303 1750 1180 BCNSPRNW ULIB Ver.6.0+V

เปลี่ยนเป็นภาษาไทย

Change to English
 แสดงรายละเอียดบรรณานุกรม
  กลับหน้าหลัก

Brief Record : Get Marc (ISO 2709) : E-mail record : QR code < ปิดหน้าต่าง
LEADER : 00000nam 2200000uu 4500
001    13399125986
003     ULIB
008    171201s2558||||th 000 0 tha d
020    ^a9786168024010 (ล.3)
060  4 ^aWX162^bค695^cล.3
245 00 ^aคู่มือหลักสูตรความปลอดภัยของผู้ป่วยขององค์การอนามัยโลก(เล่ม 3) :^bฉบับสหวิชาชีพ (ฉบับภาษาไทย) /^cสถาบันรับรองคุณภาพสถานพยาบาล (องค์การมหาชน)
260    ^aนนทบุรี :^bสถาบันรับรองคุณภาพสถานพยาบาล (องค์การมหาชน),^c2558
300    ^a5 เล่ม :^bภาพประกอบ ;^c24 ซม.
504    ^aเอกสารอ้างอิงท้ายบท.
505 0  ^aล.5 ส่วน B หัวข้อของคู่มือหลักรสูตร บทนำต่อหัวข้อที่ 9-11 หัวข้อที่ 9-11
505 0  ^aล.4 ส่วน B หัวข้อของคู่มือหลักรสูตร หัวข้อที่ 5-8
505 0  ^aล.3 ส่วน B หัวข้อของคู่มือหลักสูตร คำจำกัดความของแนวคิดที่สำคัญ ความหมายของสัญลักษณ์ บทนำ หัวข้อที่ 1-4
505 0  ^aล.2 ส่วน A คู่มือผู้สอน
505 0  ^aล.1คำนำ ที่มาของการแปล คำชี้แจงวิธีการแปล คำย่อ คำกล่าวนำ บทนำ และภาคผนวก
650  2 ^aHospital Administration.
650  2 ^aMedical Errors.
650  2 ^aPatient Care Management.
650  2 ^aRisk Management.
650  2 ^aSafety Management.
700 0  ^aสมพนธ์ ทัศนิยม^eบรรณาธิการ
700 0  ^aนิตย์ ทัศนิยม^eบรรณาธิการ
710 0  ^aสถาบันรับรองคุณภาพสถานพยาบาล (องค์การมหาชน)
945    ^p0^l0^i25712
999    ^aกัณชพร จุลอักษร
รายการนี้ยังไม่มีแท็ก
คุณยังไม่ได้ล็อกอิน คุณสามารถมีกิจกรรมร่วมกับเว็บไซต์ได้ แต่ต้องล็อกอินก่อน ::
  ล็อกอิน

รายการสื่อสารสนเทศ

ลำดับที่ ประเภท เลขเรียก/บาร์โค้ด สถานที่ สถานะ
1. วิทยาศาสตร์การแพทย์ และสุขภาพ
วิทยาศาสตร์การแพทย์ และสุขภาพ
สถานะ=หนังสือเก่า
WX162 ค695 ล.3 ฉ.1 
  Barcode: 25712
ห้องสมุดวิทยาเขตนครสวรรค์
►ส่วนจัดเก็บหนังสือเก่า นว.
บนชั้น
  ขอยืม

รายการใกล้เคียง
    หัวเรื่อง [Hospital Administration.]
    หัวเรื่อง [Medical Errors.]
    หัวเรื่อง [Patient Care Management.]
    หัวเรื่อง [Risk Management.]
    หัวเรื่อง [Safety Management.]

BibComment


ยังไม่เคยถูกคอมเมนท์

คอมเมนท์ทรัพยากรรายการนี้
  คอมเมนท์: คู่มือหลักสูตรคว..


 Copyright 2026. Bcnsprnw @Library